Statistics for South Carolina Colleges and Universities

Click here to take the quiz!

General Stats

  • This quiz has been taken 236 times
  • The average score is 7 of 11

Answer Stats

CityUniversity% Correct
ClemsonClemson University
97%
ColumbiaUniversity of South Carolina
89%
CharlestonCollege of Charleston
77%
CharlestonThe Citadel
75%
ConwayCoastal Carolina University
69%
OrangeburgSouth Carolina State University
57%
AikenUSC-Aiken
48%
SpartanburgUSC-Upstate
48%
Rock HillWinthrop University
44%
FlorenceFrancis Marion University
41%
GreenwoodLander University
31%

Score Distribution

Percentile by Number Answered

Percent of People with Each Score

Your Score History

You have not taken this quiz